| 000 | 00494nam a2200181Ia 4500 | ||
|---|---|---|---|
| 003 | GCL | ||
| 008 | 140319s9999 xx 000 0 eng d | ||
| 040 |
_aGCL / _cGCL |
||
| 082 | 0 | 4 |
_a305.231 _bM C |
| 100 | 1 | _aM,BOW AMADOU - MAHTAR | |
| 245 | 1 | 0 |
_aCHILDHOOD INEQULITIES AND DEVELOPMENT / _cM,BOW AMADOU - MAHTAR |
| 260 |
_a[S.N] : _bUNIVERSITY OF QATAR ، _c1981 |
||
| 300 | _a233 P | ||
| 650 | 0 | 4 | _aCHILDHOOD |
| 650 | 0 | 4 | _aSOCIAL JUSTICE |
| 650 | 0 | 4 | _aCHILD - DEVELOPMENT |
| 942 |
_2ddc _cBK |
||
| 999 |
_c14360 _d14360 |
||